Catálogo

La religión dentro de los límites de la mera razón / (Registro nro. 32328)

Detalles MARC
000 -LEADER
fixed length control field 01526nam a2200373 i 4500
001 - CONTROL NUMBER
control field 32328
003 - CONTROL NUMBER IDENTIFIER
control field Mx-PuUPA
005 - DATE AND TIME OF LATEST TRANSACTION
control field 20250616111408.0
008 - FIXED-LENGTH DATA ELEMENTS--GENERAL INFORMATION
fixed length control field 140415s2016 sp gr 001 0 spa d
017 ## - COPYRIGHT OR LEGAL DEPOSIT NUMBER
Copyright or legal deposit number M. 3.019-2016
020 ## - INTERNATIONAL STANDARD BOOK NUMBER
International Standard Book Number 9788491043409
040 ## - CATALOGING SOURCE
Transcribing agency Mx-PuUPA
Original cataloging agency Mx-PuUPA
Language of cataloging spa
Modifying agency Mx-PuUPA
Description conventions rda
041 1# - LANGUAGE CODE
Language code of text/sound track or separate title spa
Language code of original ger
100 1# - MAIN ENTRY--PERSONAL NAME
Personal name Kant, Immanuel,
Dates associated with a name 1724-1804
Relator term autor
9 (RLIN) 159
240 14 - UNIFORM TITLE
Uniform title Die Religion Innerhalb der Grenzen der blossen Vernunft.
Language of a work Español
245 13 - TITLE STATEMENT
Title La religión dentro de los límites de la mera razón /
Statement of responsibility, etc. Inmanuel Kant ; traducción, prólogo y notas de Felipe Martínez Marzoa
250 ## - EDITION STATEMENT
Edition statement Tercera edición
264 #1 - PRODUCTION, PUBLICATION, DISTRIBUTION, MANUFACTURE, AND COPYRIGHT NOTICE
Place of production, publication, distribution, manufacture Madrid, España :
Name of producer, publisher, distributor, manufacturer Alianza Editorial,
Date of production, publication, distribution, manufacture, or copyright notice 2016
336 ## - CONTENT TYPE
Fuente rdacontent
Content type term texto
Content type code txt
337 ## - MEDIA TYPE
Source rdamedia
Media type term sin medio
Media type code n
338 ## - CARRIER TYPE
Source rdacarrier
Carrier type term volumen
Carrier type code nc
490 0# - SERIES STATEMENT
Series statement Filosofía
500 ## - GENERAL NOTE
General note Reimpresiones: (tercera reimpresión, 2024)
500 ## - GENERAL NOTE
General note En cubierta el nombre del autor se escribe como "Immanuel" y en portada como "Inmanuel".
650 #7 - SUBJECT ADDED ENTRY--TOPICAL TERM
Source of heading or term armarc
Topical term or geographic name entry element Filosofía y religión
650 #7 - SUBJECT ADDED ENTRY--TOPICAL TERM
Source of heading or term armarc
Topical term or geographic name entry element Fe y razón
650 #7 - SUBJECT ADDED ENTRY--TOPICAL TERM
Source of heading or term armarc
Topical term or geographic name entry element Filosofía cristiana
Chronological subdivision 1700-1799
700 1# - ADDED ENTRY--PERSONAL NAME
Personal name Martínez Marzoa, Felipe,
Relator term traductor
-- prologuista
-- autor de notas
765 1# - ORIGINAL LANGUAGE ENTRY
Main entry heading Kant, Inmanuel
Title Die Religion Innerhalb der Grenzen der blossen Vernunft
Place, publisher, and date of publication 1793
942 ## - ADDED ENTRY ELEMENTS (KOHA)
Source of classification or shelving scheme Dewey Decimal Classification
Koha item type Libro
Classification part 193
Item part K5618
Existencias
Withdrawn status Lost status Source of classification or shelving scheme Damaged status Not for loan Collection code Home library Current library Shelving location Date acquired Source of acquisition Cost, normal purchase price Total Checkouts Full call number Barcode Date last seen Copy number Cost, replacement price Price effective from Koha item type
    Dewey Decimal Classification     General Biblioteca Karol Wojtyla Biblioteca Karol Wojtyla Sala general 09/04/2025 25 1094.00   193 K5618 2016 105963 14/08/2025 Ej.2 1094.00 09/04/2025 Libro
    Dewey Decimal Classification     General Biblioteca Karol Wojtyla Biblioteca Karol Wojtyla Sala general 09/04/2025 25 1094.00   193 K5618 2016 105962 14/08/2025   1094.00 09/04/2025 Libro